Reverse osmosis : industrial processes and applications /

Bibliographic Details
Main Author: Kucera, Jane
Format: eBook
Language:English
Published: Hoboken, New Jersey : John Wiley and Sons, Inc., [2015]
Edition:2nd edition.
Subjects:
Online Access:Full Text via HEAL-Link
LEADER 05205nam a2200673 4500
001 ocn907621932
003 OCoLC
005 20170124065821.4
006 m o d
007 cr |||||||||||
008 150417s2015 nju ob 001 0 eng
010 |a  2015015681 
040 |a DLC  |b eng  |e rda  |c DLC  |d YDX  |d N$T  |d IDEBK  |d DG1  |d YDXCP  |d COO  |d CDX  |d E7B  |d DEBSZ  |d OCLCQ  |d OCLCF  |d DEBBG  |d CQ$  |d EBLCP  |d GrThAP 
020 |a 9781119145769 (pdf) 
020 |a 1119145767 (pdf) 
020 |a 9781119145783 (epub) 
020 |a 1119145783 (epub) 
020 |z 9781118639740 (cloth) 
020 |a 9781119145776 
020 |a 1119145775 
020 |a 111863974X 
020 |a 9781118639740 
029 1 |a DEBSZ  |b 433545801 
029 1 |a AU@  |b 000054690600 
029 1 |a NZ1  |b 16093637 
029 1 |a GBVCP  |b 829894977 
029 1 |a DEBBG  |b BV043397710 
035 |a (OCoLC)907621932 
042 |a pcc 
050 0 0 |a TD480.4 
072 7 |a TEC  |x 010000  |2 bisacsh 
082 0 0 |a 628.1/6744  |2 23 
049 |a MAIN 
100 1 |a Kucera, Jane. 
245 1 0 |a Reverse osmosis :  |b industrial processes and applications /  |c Jane Kucera. 
250 |a 2nd edition. 
263 |a 1507 
264 1 |a Hoboken, New Jersey :  |b John Wiley and Sons, Inc.,  |c [2015] 
300 |a 1 online resource. 
336 |a text  |b txt  |2 rdacontent 
337 |a computer  |b n  |2 rdamedia 
338 |a online resource  |b nc  |2 rdacarrier 
504 |a Includes bibliographical references and index. 
588 |a Description based on print version record and CIP data provided by publisher. 
505 0 |a Half Title page; Title page; Copyright page; Dedication; Preface; Acknowledgements for the First Edition; Acknowledgements for the Second Edition; Part 1: Fundamentals; Chapter 1: Introduction and History of Development; 1.1 Introduction; References; Chapter 2: Reverse Osmosis Principles; 2.1 Osmosis; 2.2 Reverse Osmosis; 2.3 Dead-End Filtration; 2.4 Cross-Flow Filtration; Chapter 3: Basic Terms and Definitions; 3.1 Reverse Osmosis System Flow Rating; 3.2 Recovery; 3.3 Rejection; 3.4 Flux; 3.5 Concentration Polarization; 3.6 Beta; 3.7 Fouling; 3.8 Scaling; 3.9 Silt Density Index 
505 8 |a 3.10 Modified Fouling Index3.11 Langelier Saturation Index; References; Chapter 4: Membranes; 4.1 Transport Models; 4.2 Membrane Materials; 4.3 Membrane Modules; 4.4 Commercially-Available Membranes; References; Chapter 5: Basic Flow Patterns; 5.1 Arrays; 5.2 Recycle; 5.3 Double Pass; 5.4 Multiple Trains; Chapter 6: Reverse Osmosis Skids; 6.1 Cartridge Filters; 6.2 Reverse Osmosis Feed Pumps; 6.3 Pressure Vessels; 6.4 Manifolding-Materials of Construction; 6.5 Instrumentation; 6.6 Controls; 6.7 Data Acquisition and Management; 6.8 Reverse Osmosis Skid; 6.9 Auxiliary Equipment 
505 8 |a 6.10 Other Design ConsiderationsReferences; Part 2: Pretreatment; Chapter 7: Water Quality Guidelines; 7.1 Suspended Solids; 7.2 Microbes; 7.3 Organics; 7.4 Color; 7.5 Metals; 7.6 Hydrogen Sulfide; 7.7 Silica; 7.8 Calcium Carbonate; 7.9 Trace Metals-Barium and Strontium; 7.10 Chlorine; 7.11 Calcium; 7.12 Exposure to Other Chemicals; References; Chapter 8: Techniques and Technologies; 8.1 Mechanical Pretreatment; 8.2 Chemical Pretreatment; 8.3 Combination Mechanical Plus Chemical Pretreatment-Lime Softening; 8.4 Sequencing of Pretreatment Technologies 
505 8 |a 8.5 Membrane Biofouling and Alternative DisinfectantsReferences; Part 3: System Design; Chapter 9: Design Considerations; 9.1 Feed Water Quality; 9.2 Temperature; 9.3 Pressure; 9.4 Feed Water Flow; 9.5 Concentrate Flow; 9.6 Beta; 9.7 Recovery; 9.8 pH; 9.9 Flux; References; Chapter 10: RO Design and Design Software; 10.1 Dow WAVE -- Water Application Value Engine; 10.2 Toray DS2 Version 2.0.1.93; 10.3 Hydranautics IMS Design; References; Part 4: Operations; Chapter 11: On-Line Operations; 11.1 Reverse Osmosis Performance Monitoring; 11.2 Data Collection; 11.3 Data Analysis and Normalization 
505 8 |a 11.4 Preventive MaintenanceReferences; Chapter 12: Performance Degradation; 12.1 Normalized Permeate Flow; 12.2 Normalized Salt Rejection; 12.3 Pressure Drop; References; Chapter 13: Off-Line Operations; 13.1 System Flush; 13.2 Membrane Cleaning; 13.3 Membrane Lay-Up; References; Part 5: Troubleshooting; Chapter 14: Troubleshooting; 14.1 Mechanical Evaluation; 14.2 General Performance Issues; 14.3 System Design and Performance Projections; 14.4 Data Assessment; 14.5 Water Sampling; 14.6 Membrane Integrity Testing; 14.7 Profiling and Probing; 14.8 Membrane Autopsy; References 
650 0 |a Water  |x Purification  |x Reverse osmosis process. 
650 0 |a Industrial water supply. 
650 7 |a TECHNOLOGY & ENGINEERING / Environmental / General  |2 bisacsh 
650 7 |a Industrial water supply.  |2 fast  |0 (OCoLC)fst00971799 
650 7 |a Water  |x Purification  |x Reverse osmosis process.  |2 fast  |0 (OCoLC)fst01171462 
655 4 |a Electronic books. 
655 0 |a Electronic books. 
776 0 8 |i Print version:  |a Kucera, Jane.  |t Reverse osmosis  |b 2nd edition.  |d Hoboken, New Jersey : John Wiley and Sons, Inc., [2015]  |z 9781118639740  |w (DLC) 2015014118 
856 4 0 |u https://doi.org/10.1002/9781119145776  |z Full Text via HEAL-Link 
994 |a 92  |b DG1